Rincón de piedras : (Record no. 499)
[ view plain ]
| 000 -CABECERA | |
|---|---|
| campo de control de longitud fija | 00943nam a2200241 a 4500 |
| 001 - NÚMERO DE CONTROL | |
| campo de control | 000000501 |
| 003 - IDENTIFICADOR DEL NÚMERO DE CONTROL | |
| campo de control | DO-SdBNP |
| 005 - FECHA Y HORA DE LA ÚLTIMA TRANSACCIÓN | |
| campo de control | 20211115092336.0 |
| 008 - DATOS DE LONGITUD FIJA--INFORMACIÓN GENERAL | |
| campo de control de longitud fija | 081029s2007 dr ac 000 0 spa d |
| 020 ## - NÚMERO INTERNACIONAL ESTÁNDAR DEL LIBRO | |
| Número Internacional Estándar del Libro | 9789945410259 |
| 020 ## - NÚMERO INTERNACIONAL ESTÁNDAR DEL LIBRO | |
| Número Internacional Estándar del Libro | 9945410253 |
| 040 ## - FUENTE DE LA CATALOGACIÓN | |
| Centro catalogador/agencia de origen | DO-SdBNP |
| Lengua de catalogación | spa |
| Centro/agencia transcriptor | BNPHU |
| 082 ## - NÚMERO DE LA CLASIFICACIÓN DECIMAL DEWEY | |
| Número de clasificación | 920.7293 |
| Número de documento/Ítem | R696r |
| 100 1# - ENTRADA PRINCIPAL--NOMBRE DE PERSONA | |
| Nombre de persona | Rodríguez, Gloria, |
| Fechas asociadas al nombre | 1918- |
| 9 (RLIN) | 1666 |
| 245 10 - MENCIÓN DE TÍTULO | |
| Título | Rincón de piedras : |
| Resto del título | mis memorias / |
| Mención de responsabilidad, etc. | Gloria Rodríguez. |
| 260 ## - PUBLICACIÓN, DISTRIBUCIÓN, ETC. | |
| Lugar de publicación, distribución, etc. | Santo Domingo : |
| Nombre del editor, distribuidor, etc. | Argos, |
| Fecha de publicación, distribución, etc. | 2007. |
| 300 ## - DESCRIPCIÓN FÍSICA | |
| Extensión | 93 p. : |
| Otras características físicas | il., retrs. ; |
| Dimensiones | 22 cm. |
| 505 0# - NOTA DE CONTENIDO CON FORMATO | |
| Nota de contenido con formato | Introducción -- Recogiendo informaciones -- Amores a distancia -- Costumbre y planificación -- Rechazo absoluto -- Los hermanos Perozo: César, Faustino y Andrés -- Cultura -- Emigración. |
| 600 14 - PUNTO DE ACCESO ADICIONAL DE MATERIA--NOMBRE DE PERSONA | |
| Nombre de persona | Rodríguez, Glória, |
| Fechas asociadas al nombre | 1918 - |
| 9 (RLIN) | 1667 |
| 651 #4 - PUNTO DE ACCESO ADICIONAL DE MATERIA--NOMBRE GEOGRÁFICO | |
| Nombre geográfico | Rincón Piedra (República Dominicana) |
| Subdivisión general | Vida social y costumbres |
| 9 (RLIN) | 1668 |
| 910 ## - DATOS DE OPCIÓN DEL USUARIO (OCLC) | |
| Datos de opción del usuario | Validado. Control de calidad MOLINA |
| 942 ## - ELEMENTOS DE PUNTO DE ACCESO ADICIONAL (KOHA) | |
| Fuente del sistema de clasificación o colocación | Dewey Decimal Classification |
| Tipo de ítem Koha | Libro |
| Estado de retiro | Estado de pérdida | Restricciones de uso | No para préstamo | Código de colección | Localización permanente | Ubicación/localización actual | Ubicación en estantería | Fecha de adquisición | Número de inventario | Total de préstamos | Signatura topográfica completa | Código de barras | Fecha visto por última vez | Precio válido a partir de | Tipo de ítem Koha | Número de copia |
|---|---|---|---|---|---|---|---|---|---|---|---|---|---|---|---|---|
| Préstamo restringido | Excluido de préstamo | Patrimonio Dominicano | Biblioteca Nacional Pedro Henríquez Ureña | Biblioteca Nacional Pedro Henríquez Ureña | Depósito | 28.07.2009 | LF1 | 920.7293 R696r | 501-10 | 25.06.2020 | 25.06.2020 | Libros y folletos | ||||
| Préstamo restringido | Excluido de préstamo | Patrimonio Dominicano | Biblioteca Nacional Pedro Henríquez Ureña | Biblioteca Nacional Pedro Henríquez Ureña | Depósito | 28.07.2009 | LF1 | 920.7293 R696r | 501-20 | 25.06.2020 | 25.06.2020 | Libros y folletos | e. 2 | |||
| Préstamo restringido | Patrimonio Dominicano | Biblioteca Nacional Pedro Henríquez Ureña | Biblioteca Nacional Pedro Henríquez Ureña | Depósito | 14.07.2011 | LF1 | 920.7293 R696r | 501-30 | 25.06.2020 | 25.06.2020 | Libros y folletos | e. 3 |
